[Event "Open"]
[Site "Ischia ITA"]
[Date "1994.??.??"]
[Round "?"]
[White "Baccaro, Franco"]
[Black "Sadler, Matthew D."]
[WhiteElo "1914"]
[BlackElo "2560"]
[Result "0-1"]
[PlyCount "92"]
[EventDate "1994.??.??"]

1. d4 d5 2. Nf3 Nf6 3. e3 Bg4 4. h3 Bxf3 5. Qxf3 Nbd7 6. c4 e6 7. Nc3 c6 8.
cxd5 exd5 9. Bd3 Bd6 10. O-O O-O 11. Bd2 Re8 12. Rfe1 Qb6 13. Na4 Qc7 14. Nc3
Rad8 15. Rac1 Bb4 16. Nb5 Qa5 17. Bxb4 Qxb4 18. a3 Qe7 19. Nc3 Ne4 20. Bxe4
dxe4 21. Qf5 Nb6 22. Red1 Nd5 23. Nxd5 Rxd5 24. Qg4 a5 25. Rc4 h5 26. Qe2 Red8
27. Rdc1 R8d6 28. Rc5 Qg5 29. g3 h4 30. g4 f5 31. Rxd5 Rxd5 32. Rc5 fxg4 33.
Rxd5 cxd5 34. hxg4 Qf6 35. Qb5 Qe6 36. Qxb7 Qxg4+ 37. Kh2 Qf5 38. Qb8+ Kh7 39.
Qf4 Qxf4+ 40. exf4 a4 41. Kh3 Kg6 42. Kg4 Kf6 43. Kxh4 Kf5 44. Kg3 g6 45. Kg2
Kxf4 46. Kf1 Kf3 0-1

[Event "Open"]
[Site "Ischia ITA"]
[Date "1994.??.??"]
[Round "?"]
[White "Bezold, Michael"]
[Black "Gabriel, Christian"]
[Result "1/2-1/2"]
[WhiteElo "2515"]
[BlackElo "2530"]
[PlyCount "22"]
[EventDate "1994.??.??"]

1. e4 c6 2. d4 d5 3. exd5 cxd5 4. c4 Nf6 5. Nc3 e6 6. Nf3 Bb4 7. cxd5 Nxd5 8.
Qc2 O-O 9. Bd3 h6 10. O-O Be7 11. a3 Nd7 1/2-1/2

[Event "Open"]
[Site "Ischia ITA"]
[Date "1994.??.??"]
[Round "?"]
[White "Bezold, Michael"]
[Black "Galdunts, Sergey"]
[Result "0-1"]
[WhiteElo "2515"]
[BlackElo "2420"]
[PlyCount "72"]
[EventDate "1994.??.??"]

1. c4 f5 2. g3 Nf6 3. Bg2 g6 4. Nc3 Bg7 5. Nf3 O-O 6. O-O d6 7. d3 e5 8. Rb1 h6
9. b4 Rf7 10. a4 a5 11. bxa5 Nc6 12. Nd5 Nxd5 13. cxd5 Nxa5 14. Bd2 b6 15. Qc1
g5 16. Ne1 Bd7 17. Nc2 Bxa4 18. Bc3 Nb3 19. Qb2 f4 20. Nb4 g4 21. Rfe1 Qg5 22.
Nc6 h5 23. d4 fxg3 24. hxg3 Raf8 25. dxe5 Rxf2 26. exd6 Qe3 27. Ne7+ Kf7 28.
Bxg7 Qxg3 29. Qf6+ Rxf6 30. Bxf6 Kxf6 31. Rf1+ Kg7 32. Rxf8 Kxf8 33. Rf1+ Ke8
34. dxc7 Qxc7 35. d6 Qc5+ 36. Kh1 Qe5 0-1

[Event "Open"]
[Site "Ischia ITA"]
[Date "1994.??.??"]
[Round "?"]
[White "Bezold, Michael"]
[Black "Jurek, Josef"]
[Result "1/2-1/2"]
[WhiteElo "2515"]
[BlackElo "2280"]
[PlyCount "55"]
[EventDate "1994.??.??"]

1. d4 Nf6 2. Nf3 e6 3. c4 b6 4. Nc3 Bb7 5. a3 d5 6. Qc2 Be7 7. cxd5 exd5 8. g3
O-O 9. Bg2 c5 10. Bg5 Ne4 11. Bxe7 Qxe7 12. O-O Nd7 13. Rac1 Rfd8 14. dxc5 Nxc3
15. Qxc3 bxc5 16. e3 Rac8 17. b4 Ba6 18. Rfe1 cxb4 19. Qxb4 Qxb4 20. axb4 Bc4
21. Bf1 Rc7 22. Rc2 Rb8 23. e4 Rcb7 24. Bxc4 dxc4 25. Rxc4 Rxb4 26. Rxb4 Rxb4
27. Ra1 Rb7 28. Nd4 1/2-1/2

[Event "Open"]
[Site "Ischia ITA"]
[Date "1994.??.??"]
[Round "?"]
[White "Bezold, Michael"]
[Black "Maiwald, Jens-Uwe"]
[Result "1/2-1/2"]
[WhiteElo "2515"]
[BlackElo "2490"]
[PlyCount "26"]
[EventDate "1994.??.??"]

1. e4 g6 2. d4 Bg7 3. Nf3 c6 4. Nc3 d6 5. Be2 Nf6 6. a4 a5 7. O-O O-O 8. h3
Nbd7 9. Bf4 Qc7 10. Qd2 e5 11. Bh6 Re8 12. Bxg7 Kxg7 13. Rad1 Qb6 1/2-1/2

[Event "Open"]
[Site "Ischia ITA"]
[Date "1994.??.??"]
[Round "?"]
[White "Borngaesser, Rene"]
[Black "Galdunts, Sergey"]
[Result "0-1"]
[WhiteElo "2370"]
[BlackElo "2420"]
[PlyCount "82"]
[EventDate "1994.??.??"]

1. e4 e5 2. Nf3 Nc6 3. Bc4 Bc5 4. Nc3 Nf6 5. d3 O-O 6. Bg5 Be7 7. Qe2 d6 8. h3
Be6 9. Be3 d5 10. exd5 Nxd5 11. Bb5 Ndb4 12. O-O Nd4 13. Bxd4 exd4 14. Ne4 c5
15. Bc4 Nd5 16. Qd2 h6 17. Rfe1 a6 18. a4 Qc7 19. a5 Rad8 20. Ng3 Bd6 21. Nh5
Nf4 22. Bxe6 Nxh5 23. Bc4 Kh7 24. c3 Nf4 25. cxd4 f5 26. Kf1 cxd4 27. Ng1 Qc6
28. f3 Nh5 29. Ne2 Bb8 30. f4 Qd6 31. Ng1 Qxf4+ 32. Qxf4 Bxf4 33. Re6 Be3 34.
Nf3 Rfe8 35. Nh4 Ng3+ 36. Ke1 g5 37. Nf3 g4 38. hxg4 fxg4 39. Nd2 Rf8 40. Kd1
Rf2 41. Nb3 Rdf8 0-1

[Event "Open"]
[Site "Ischia ITA"]
[Date "1994.??.??"]
[Round "?"]
[White "Borngaesser, Rene"]
[Black "Ventura, Boris"]
[Result "1/2-1/2"]
[WhiteElo "2370"]
[BlackElo "2020"]
[PlyCount "38"]
[EventDate "1994.??.??"]

1. e4 e5 2. Nf3 Nc6 3. Bc4 Nf6 4. d3 Be7 5. Bb3 O-O 6. c3 d5 7. Nbd2 h6 8. O-O
dxe4 9. dxe4 Bg4 10. h3 Bh5 11. Qe2 Re8 12. Rd1 Bf8 13. Nf1 Qe7 14. Ng3 Bxf3
15. Qxf3 g6 16. Be3 Na5 17. Qe2 Nxb3 18. axb3 a6 19. f3 Red8 1/2-1/2

[Event "Open"]
[Site "Ischia ITA"]
[Date "1994.??.??"]
[Round "?"]
[White "Buiano, Fabio"]
[Black "Catracchia, Mauro"]
[WhiteElo "1851"]
[BlackElo "1925"]
[Result "1/2-1/2"]
[PlyCount "74"]
[EventDate "1994.??.??"]

1. e4 e6 2. d4 d5 3. Nc3 Bb4 4. e5 Ne7 5. a3 Bxc3+ 6. bxc3 c5 7. h4 Nbc6 8. h5
Bd7 9. h6 g6 10. Nf3 Qa5 11. Bd2 Qa4 12. Bd3 cxd4 13. cxd4 Nxd4 14. Kf1 Bb5 15.
Bg5 Bxd3+ 16. Qxd3 Nxf3 17. Qxf3 Qd7 18. Rb1 Rc8 19. Qf6 Rg8 20. Qxe7+ Qxe7 21.
Bxe7 Kxe7 22. Rxb7+ Ke8 23. Rh4 g5 24. Ra4 Rg6 25. Raxa7 Rxh6 26. Re7+ Kf8 27.
Rxf7+ Kg8 28. Rg7+ Kh8 29. Rac7 Rxc7 30. Rxc7 Rh1+ 31. Ke2 Rh4 32. Rc3 Kg7 33.
g3 Re4+ 34. Re3 Rc4 35. Kd2 Kg6 36. f3 Kf5 37. Re1 Ra4 1/2-1/2

[Event "Open"]
[Site "Ischia ITA"]
[Date "1994.??.??"]
[Round "?"]
[White "Buiano, Fabio"]
[Black "Murgia, Andrea"]
[Result "0-1"]
[WhiteElo "1851"]
[BlackElo "2230"]
[PlyCount "58"]
[EventDate "1994.??.??"]

1. e4 e5 2. Nf3 Nc6 3. Bb5 a6 4. Ba4 Nf6 5. O-O Be7 6. Bxc6 dxc6 7. Qe1 Nd7 8.
b3 c5 9. Bb2 f6 10. d3 O-O 11. Nbd2 Nb8 12. Nh4 Re8 13. f4 exf4 14. Rxf4 Nc6
15. Nc4 Nd4 16. Rf2 f5 17. Nf3 fxe4 18. dxe4 Bf6 19. c3 Nxf3+ 20. gxf3 Bh4 21.
Qe3 Bxf2+ 22. Qxf2 Qg5+ 23. Kh1 Be6 24. Ne3 c4 25. Rg1 Qe5 26. Qh4 Rad8 27. Rg5
Qf6 28. f4 h6 29. e5 hxg5 0-1

[Event "Open"]
[Site "Ischia ITA"]
[Date "1994.??.??"]
[Round "?"]
[White "Buiano, Fabio"]
[Black "Vujovic, Predrag"]
[Result "1/2-1/2"]
[WhiteElo "1851"]
[BlackElo "2225"]
[PlyCount "135"]
[EventDate "1994.??.??"]

1. e4 c5 2. Nf3 d6 3. Bb5+ Bd7 4. Bxd7+ Qxd7 5. O-O e6 6. c3 Nf6 7. e5 dxe5 8.
Nxe5 Qc7 9. d4 Bd6 10. Re1 O-O 11. Nd2 cxd4 12. cxd4 Nc6 13. Ndf3 Rad8 14. Nxc6
Qxc6 15. Qb3 Nd5 16. Be3 b5 17. Rac1 Qd7 18. Red1 Rc8 19. Qd3 h6 20. Ne5 Bxe5
21. dxe5 Rxc1 22. Rxc1 Rc8 23. Rxc8+ Qxc8 24. Qxb5 Nxe3 25. fxe3 Qc1+ 26. Kf2
Qc2+ 27. Kf1 Qb1+ 28. Kf2 Qxa2 29. Qb7 Qb1 30. Qa8+ Kh7 31. Qxa7 Qxb2+ 32. Kf3
Kg6 33. Qd4 Qb1 34. Kf2 h5 35. h3 Qf5+ 36. Kg1 f6 37. exf6 gxf6 38. Qd7 Qb1+
39. Kh2 Qb8+ 40. Kg1 e5 41. Qd3+ Kg5 42. Qe4 Qc8 43. Qf3 h4 44. Qe4 Qd7 45. Kh2
Qf5 46. Qb7 Qg6 47. Qd7 Kh6 48. Qe7 Qg3+ 49. Kh1 Kg6 50. Qa3 Kg5 51. Qd3 Qf2
52. Qh7 Qe1+ 53. Kh2 Qe2 54. Qg7+ Kf5 55. Qd7+ Ke4 56. Qc6+ Kxe3 57. Qxf6 e4
58. Qxh4 Qf2 59. Qh5 Qf4+ 60. Kg1 Qd6 61. Qg5+ Kd3 62. Qb5+ Ke3 63. Qg5+ Ke2
64. Qg4+ Ke3 65. Qg5+ Kd3 66. Qb5+ Kc3 67. Qa5+ Kd3 68. Qb5+ 1/2-1/2

[Event "Open"]
[Site "Ischia ITA"]
[Date "1994.??.??"]
[Round "?"]
[White "Catracchia, Mauro"]
[Black "Accardo, Francesco"]
[WhiteElo "1925"]
[BlackElo "1751"]
[Result "1-0"]
[PlyCount "65"]
[EventDate "1994.??.??"]

1. d4 Nf6 2. c4 c5 3. d5 e6 4. Nc3 a6 5. e4 exd5 6. cxd5 Bd6 7. f4 O-O 8. e5
Re8 9. Be2 Bxe5 10. fxe5 Rxe5 11. Nf3 Rf5 12. O-O b5 13. Bd3 Rh5 14. Bg5 c4 15.
Bc2 Qb6+ 16. Kh1 Ng4 17. Qe2 Qd6 18. Bf4 Qf8 19. Nd4 d6 20. Ne6 Bxe6 21. dxe6
f5 22. e7 Qe8 23. Qe6+ Kh8 24. Bxf5 Nf6 25. Bxd6 Nbd7 26. Ne4 Rh4 27. Ng5 g6
28. Be4 Nxe4 29. Nxe4 Rh5 30. Rf8+ Nxf8 31. Be5+ Rxe5 32. Qxe5+ Kg8 33. Nf6+
1-0

[Event "Open"]
[Site "Ischia ITA"]
[Date "1994.??.??"]
[Round "?"]
[White "Catracchia, Mauro"]
[Black "Murgia, Andrea"]
[Result "0-1"]
[WhiteElo "1925"]
[BlackElo "2230"]
[PlyCount "74"]
[EventDate "1994.??.??"]

1. e4 e5 2. Nf3 Nc6 3. d4 exd4 4. c3 d5 5. e5 dxc3 6. Nxc3 d4 7. Nb5 Bc5 8. Qc2
Bb6 9. Bg5 Nge7 10. O-O-O Bg4 11. Qe4 Bf5 12. Qf4 Qd5 13. Bxe7 Nxe7 14. Nfxd4
Bg6 15. Nc3 Qc5 16. Ndb5 a6 17. Nd6+ cxd6 18. exd6 Qxf2 19. d7+ Kd8 20. Qxf2
Bxf2 21. Bd3 b5 22. Bxg6 fxg6 23. Ne4 Be3+ 24. Kc2 Ra7 25. Rhe1 Rc7+ 26. Kb3
Bb6 27. Ng5 Rf8 28. Nxh7 Rg8 29. Ng5 Rf8 30. Re6 Bc5 31. Rxa6 Rxd7 32. Rf1 Nf5
33. Ra8+ Kc7 34. Ra6 Kb7 35. Ne4 Bb6 36. Ra3 Rd3+ 37. Nc3 Nd4+ 0-1

[Event "Open"]
[Site "Ischia ITA"]
[Date "1994.??.??"]
[Round "?"]
[White "Catracchia, Mauro"]
[Black "Vujovic, Predrag"]
[WhiteElo "1925"]
[BlackElo "2225"]
[Result "0-1"]
[PlyCount "91"]
[EventDate "1994.??.??"]

1. d4 Nf6 2. c4 e6 3. Nf3 Bb4+ 4. Bd2 Qe7 5. Nc3 Bxc3 6. bxc3 c5 7. Qc2 Nc6 8.
e3 d6 9. Bd3 b6 10. O-O e5 11. Ng5 Na5 12. f4 h6 13. Ne4 Nxe4 14. Bxe4 Bb7 15.
fxe5 dxe5 16. Qa4+ Kf8 17. d5 Rd8 18. Bg6 f6 19. Rf2 Ba6 20. Bd3 Qd7 21. Qc2
Bxc4 22. Bxc4 Nxc4 23. e4 Nd6 24. Raf1 Qg4 25. Re1 Kf7 26. h3 Qd7 27. Qd1 Rhf8
28. Qh5+ Kg8 29. Rf3 Qf7 30. Qg4 Kh7 31. Ref1 Qg6 32. Qxg6+ Kxg6 33. Re1 Nc4
34. Bc1 f5 35. Rg3+ Kh7 36. Rd3 b5 37. exf5 Rxf5 38. g4 Rf6 39. Rf1 e4 40. Rdd1
Rfd6 41. Rf5 Nb6 42. Ba3 Rxd5 43. Rdxd5 Rxd5 44. Rxd5 Nxd5 45. Bxc5 Nxc3 46.
Kf2 0-1

[Event "Open"]
[Site "Ischia ITA"]
[Date "1994.??.??"]
[Round "?"]
[White "Ciampi, Vincenzo"]
[Black "Bezold, Michael"]
[Result "0-1"]
[WhiteElo "2180"]
[BlackElo "2515"]
[PlyCount "80"]
[EventDate "1994.??.??"]

1. e4 c5 2. Nc3 Nc6 3. g3 g6 4. Bg2 Bg7 5. d3 d6 6. Be3 Rb8 7. f4 b5 8. e5 Nd4
9. Ne4 Nh6 10. c3 Ne6 11. Nf3 O-O 12. O-O b4 13. d4 bxc3 14. bxc3 Ng4 15. Qd2
Bb7 16. Nf2 cxd4 17. Nxg4 dxe3 18. Qxe3 Ba6 19. Rad1 Qc7 20. Nd4 Nxd4 21. cxd4
Rb2 22. Rd2 Rfb8 23. Rfd1 Qd7 24. Nf2 Qa4 25. Ne4 Rxa2 26. exd6 exd6 27. f5
Rbb2 28. Bf3 Rxd2 29. Rxd2 Rxd2 30. Qxd2 Qxd4+ 31. Qxd4 Bxd4+ 32. Kg2 Be5 33.
fxg6 fxg6 34. Ng5 Bc4 35. Bc6 a5 36. Nf3 Kf8 37. Kf2 Ke7 38. Ke3 Bc3 39. Ng5 h6
40. Ne4 Be5 0-1

[Event "Open"]
[Site "Ischia ITA"]
[Date "1994.??.??"]
[Round "?"]
[White "Ciampi, Vincenzo"]
[Black "Delizia, Costantino"]
[Result "1-0"]
[WhiteElo "2180"]
[BlackElo "2007"]
[PlyCount "94"]
[EventDate "1994.??.??"]

1. e4 e6 2. d3 d5 3. Nd2 Nf6 4. Ngf3 c5 5. g3 Nc6 6. Bg2 Be7 7. O-O b6 8. Re1
Bb7 9. e5 Nd7 10. c4 d4 11. Ne4 Ndxe5 12. Nxe5 Nxe5 13. Nxc5 Bxg2 14. Kxg2 bxc5
15. Rxe5 Bd6 16. Re4 O-O 17. Qh5 g6 18. Qf3 Re8 19. h4 f5 20. Re2 h5 21. Bg5
Qd7 22. Bf4 Rab8 23. Rae1 Kf7 24. b3 Qc7 25. Bxd6 Qxd6 26. Re5 Rb6 27. Qf4 Kg7
28. Kg1 Qc6 29. R1e2 a5 30. Re1 Rb4 31. Qg5 a4 32. g4 fxg4 33. Rxc5 Qd6 34. Ra5
Rb7 35. c5 Qc7 36. Rxa4 Rf8 37. Qe5+ Qxe5 38. Rxe5 Rbf7 39. Re2 g3 40. fxg3
Rf1+ 41. Kg2 Rd1 42. Rxd4 Rff1 43. Rd7+ Kh6 44. Rf2 Rh1 45. Kf3 g5 46. Ke4
Rhe1+ 47. Kd4 Kg6 1-0

[Event "Open"]
[Site "Ischia ITA"]
[Date "1994.??.??"]
[Round "?"]
[White "Ciampi, Vincenzo"]
[Black "Samaritani, Fabio"]
[Result "0-1"]
[WhiteElo "2180"]
[BlackElo "2265"]
[PlyCount "98"]
[EventDate "1994.??.??"]

1. e4 c5 2. Nc3 Nc6 3. g3 g6 4. Bg2 Bg7 5. d3 d6 6. Be3 Nd4 7. Qd2 Qa5 8. Rc1
Rb8 9. a3 b5 10. Bxd4 cxd4 11. Nb1 Qb6 12. Ne2 Nf6 13. O-O O-O 14. h3 Bd7 15.
Kh2 b4 16. b3 Qc5 17. a4 Qh5 18. Nf4 Qh6 19. Nd5 Nxd5 20. exd5 e5 21. Qe2 f5
22. f3 g5 23. Nd2 Qg6 24. Qf2 h5 25. f4 gxf4 26. gxf4 Bh6 27. fxe5 dxe5 28.
Rce1 Bf4+ 29. Kh1 Kh8 30. Nc4 Rbe8 31. Re2 Rg8 32. Rg1 Qf6 33. Qe1 Rg3 34. Rf1
Reg8 35. Rf3 R3g6 36. Rxf4 exf4 37. Ne5 R6g7 38. Nxd7 Rxd7 39. Re6 Qg5 40. Qf2
Rdg7 41. Bf3 Qg1+ 42. Qxg1 Rxg1+ 43. Kh2 R1g3 44. Bh1 Re3 45. Rh6+ Kg7 46. Ra6
Kh7 47. Re6 Rgg3 48. Bg2 Rxe6 49. dxe6 Re3 0-1

[Event "Open"]
[Site "Ischia ITA"]
[Date "1994.??.??"]
[Round "?"]
[White "Delizia, Costantino"]
[Black "Buiano, Fabio"]
[WhiteElo "2007"]
[BlackElo "1851"]
[Result "1/2-1/2"]
[PlyCount "99"]
[EventDate "1994.??.??"]

1. e4 c5 2. c3 b6 3. d4 Bb7 4. Bd3 Nf6 5. Nd2 cxd4 6. cxd4 Nc6 7. Ngf3 Nb4 8.
Bb1 Ba6 9. Ne5 Qc7 10. a3 Nc6 11. Ndf3 Nxd4 12. Nd3 Nxf3+ 13. gxf3 e6 14. Bf4
Qc8 15. O-O Be7 16. Qd2 Bb7 17. b4 Bc6 18. Rc1 a6 19. Ne5 Qb7 20. Bd3 b5 21.
Rc2 O-O 22. Rac1 Rac8 23. Be2 Rfd8 24. Qc3 Qa8 25. Nxc6 Rxc6 26. Qe3 Rdc8 27.
Rxc6 Rxc6 28. Kf1 Qc8 29. Rxc6 Qxc6 30. Qa7 h6 31. Be3 Bf8 32. Qb8 d6 33. Qb6
Qxb6 34. Bxb6 d5 35. Bd3 Bd6 36. Bd8 Be5 37. Bxf6 Bxf6 38. exd5 exd5 39. Bf5
Bb2 40. Bc8 Bxa3 41. Bxa6 Bxb4 42. Bxb5 Bd6 43. h3 Kf8 44. Bc6 d4 45. Ke2 Ke7
46. Kd3 Be5 47. Ke4 Bf6 48. f4 g6 49. Bb5 Bg7 50. f5 1/2-1/2

[Event "Open"]
[Site "Ischia ITA"]
[Date "1994.??.??"]
[Round "?"]
[White "Delizia, Costantino"]
[Black "La Gatta, Giovanni"]
[WhiteElo "2007"]
[BlackElo "2037"]
[Result "0-1"]
[PlyCount "97"]
[EventDate "1994.??.??"]

1. e4 c5 2. c3 d5 3. exd5 Qxd5 4. d4 e6 5. Nf3 Nf6 6. Bd3 Nc6 7. O-O Be7 8. c4
Qd8 9. dxc5 Bxc5 10. Nc3 Nb4 11. Be2 Qxd1 12. Rxd1 Nc6 13. a3 b6 14. b4 Be7 15.
Bf4 Bb7 16. Nb5 O-O 17. Nd6 Bxd6 18. Bxd6 Rfc8 19. c5 bxc5 20. Bxc5 Na5 21. Nd4
Ne4 22. Rac1 Nxc5 23. bxc5 Kf8 24. Rc3 Ke7 25. Nb5 Bc6 26. Nd6 Rc7 27. Rb1 Rd8
28. f4 Be4 29. Ba6 Bc6 30. Nb5 Bxb5 31. Rxb5 Nc6 32. Rb7 Rxb7 33. Bxb7 Kd7 34.
Ba6 Kc7 35. Kf2 Rd5 36. Bd3 h6 37. Be4 Rd8 38. Ke3 Ne7 39. Rd3 Nd5+ 40. Bxd5
Rxd5 41. Rxd5 exd5 42. Kd4 Kc6 43. a4 h5 44. a5 a6 45. f5 h4 46. g3 h3 47. g4
f6 48. g5 fxg5 49. Ke5 0-1

[Event "Open"]
[Site "Ischia ITA"]
[Date "1994.??.??"]
[Round "?"]
[White "Della Ragione, Achille"]
[Black "Jurek, Josef"]
[Result "0-1"]
[WhiteElo "1938"]
[BlackElo "2280"]
[PlyCount "50"]
[EventDate "1994.??.??"]

1. c4 Nf6 2. Nc3 c5 3. g3 e6 4. d4 cxd4 5. Qxd4 Nc6 6. Qd1 d5 7. cxd5 exd5 8.
e3 Bf5 9. Bg2 Nb4 10. e4 dxe4 11. Bg5 Bc5 12. Qxd8+ Rxd8 13. Bxf6 gxf6 14. Ke2
O-O 15. Nh3 Bg4+ 16. Kf1 f5 17. a3 Nc2 18. Rc1 Rd2 19. Nb1 Rfd8 20. Nxd2 Rxd2
21. Kg1 Bxh3 22. Rf1 Bxg2 23. Kxg2 Ne3+ 24. Kh3 Nxf1 25. Rxf1 Bxf2 0-1

[Event "Open"]
[Site "Ischia ITA"]
[Date "1994.??.??"]
[Round "?"]
[White "Della Ragione, Achille"]
[Black "Kozak, Milos"]
[Result "1-0"]
[WhiteElo "1938"]
[BlackElo "2270"]
[PlyCount "42"]
[EventDate "1994.??.??"]

1. c4 c6 2. g3 d5 3. b3 dxc4 4. bxc4 Qd4 5. Nc3 Qxc4 6. Nf3 Nd7 7. e4 Qc5 8. a4
e5 9. a5 Qd6 10. Bc4 Qf6 11. O-O Nc5 12. d4 Bg4 13. dxc5 Bxf3 14. Qb3 Bxc5 15.
Qxb7 Rd8 16. Bg5 Qg6 17. Bxd8 Nh6 18. Bh4 O-O 19. Be2 Bxe2 20. Nxe2 Qxe4 21.
Ra2 Nf5 1-0

[Event "Open"]
[Site "Ischia ITA"]
[Date "1994.??.??"]
[Round "?"]
[White "Ficco, Corrado"]
[Black "Catracchia, Mauro"]
[Result "1-0"]
[WhiteElo "2185"]
[BlackElo "1925"]
[PlyCount "51"]
[EventDate "1994.??.??"]

1. e4 e6 2. d4 d5 3. Nd2 c5 4. Ngf3 Nc6 5. exd5 exd5 6. Bb5 a6 7. Bxc6+ bxc6 8.
O-O Nf6 9. Re1+ Be7 10. Ne5 Bd7 11. dxc5 O-O 12. Nb3 Ne4 13. Nxd7 Nxf2 14. Kxf2
Qxd7 15. Kg1 a5 16. a4 Rab8 17. Be3 Rfe8 18. Bd4 Rb4 19. Qe2 Qf5 20. Qf2 Qg4
21. Rad1 Rxa4 22. Rd3 g6 23. c3 Ra2 24. Rde3 a4 25. Rxe7 Rxe7 26. Rxe7 1-0

[Event "Open"]
[Site "Ischia ITA"]
[Date "1994.??.??"]
[Round "?"]
[White "Ficco, Corrado"]
[Black "Stodola, Jaroslav"]
[Result "0-1"]
[WhiteElo "2185"]
[BlackElo "2205"]
[PlyCount "58"]
[EventDate "1994.??.??"]

1. c4 e5 2. Nc3 Nf6 3. Nf3 Nc6 4. d4 exd4 5. Nxd4 Bc5 6. e3 O-O 7. Be2 Re8 8.
O-O Ne5 9. a3 a5 10. Rb1 b6 11. b4 axb4 12. axb4 Bf8 13. f4 Ng6 14. Bf3 Ra7 15.
e4 Nh4 16. e5 Nxf3+ 17. Nxf3 Ng4 18. Ng5 Nh6 19. Qd3 g6 20. Nd5 Bg7 21. Ne4 Kh8
22. Ndf6 Rf8 23. c5 bxc5 24. bxc5 Ba6 25. Qa3 Qa8 26. Ra1 Bxf6 27. c6 Bg7 28.
Be3 Bxf1 29. Bxa7 Qxc6 0-1

[Event "Open"]
[Site "Ischia ITA"]
[Date "1994.??.??"]
[Round "?"]
[White "Gabriel, Christian"]
[Black "Meduna, Eduard"]
[Result "1/2-1/2"]
[WhiteElo "2530"]
[BlackElo "2450"]
[PlyCount "99"]
[EventDate "1994.??.??"]

1. d4 d5 2. c4 c6 3. Nf3 Nf6 4. Nc3 dxc4 5. a4 Bf5 6. e3 e6 7. Bxc4 Nbd7 8. O-O
Bb4 9. Qe2 O-O 10. e4 Bg6 11. Bd3 Bh5 12. e5 Nd5 13. Nxd5 cxd5 14. Qe3 Be7 15.
Bd2 Nb8 16. Ne1 Bg6 17. f4 Nc6 18. g4 f5 19. exf6 Bxf6 20. Bc3 Qe8 21. Nf3 Bxd3
22. Qxd3 Be7 23. Bd2 Qg6 24. Qxg6 hxg6 25. Be3 Rac8 26. Rae1 Bd6 27. Nh4 Kh7
28. Rf3 Be7 29. g5 Bb4 30. Re2 Ne7 31. Bf2 Rc6 32. Kg2 Nf5 33. Nxf5 Rxf5 34.
Rb3 a5 35. Kf3 Rf7 36. Rbe3 Re7 37. Be1 Bxe1 38. Rxe1 Rc4 39. Rxe6 Rxe6 40.
Rxe6 Rxa4 41. Rb6 Rxd4 42. Rxb7 a4 43. h4 Rd3+ 44. Kg4 Rd1 45. Rb4 d4 46. Kf3
a3 47. bxa3 Rd3+ 48. Kg4 Rxa3 49. Rxd4 Ra1 50. Rd3 1/2-1/2

[Event "Open"]
[Site "Ischia ITA"]
[Date "1994.??.??"]
[Round "?"]
[White "Gabriel, Christian"]
[Black "Mikhalchishin, Adrian B."]
[Result "1/2-1/2"]
[WhiteElo "2530"]
[BlackElo "2530"]
[PlyCount "73"]
[EventDate "1994.??.??"]

1. c4 e5 2. Nc3 Nf6 3. Nf3 Nc6 4. g3 d5 5. cxd5 Nxd5 6. Bg2 Nb6 7. O-O Be7 8.
b3 f5 9. d3 O-O 10. b4 a6 11. Bb2 Be6 12. a3 Qd7 13. Nd2 Kh8 14. Nb3 Bxb3 15.
Qxb3 Nd4 16. Qd1 c6 17. e3 Ne6 18. Qb3 Bf6 19. Rad1 Rad8 20. Rfe1 Rfe8 21. Kh1
Qf7 22. a4 Qd7 23. b5 cxb5 24. a5 Nc5 25. Qc2 Nba4 26. Nxa4 Nxa4 27. Ba1 Rc8
28. Qb3 Qc7 29. Bh3 g6 30. e4 Qc2 31. Qf7 Rf8 32. Qxb7 Qc5 33. Qd5 Rfd8 34. Qf7
Rf8 35. Qd5 Rfd8 36. Qf7 Rf8 37. Qd5 1/2-1/2

[Event "Open"]
[Site "Ischia ITA"]
[Date "1994.??.??"]
[Round "?"]
[White "Gabriel, Christian"]
[Black "Samaritani, Fabio"]
[Result "1/2-1/2"]
[WhiteElo "2530"]
[BlackElo "2265"]
[PlyCount "75"]
[EventDate "1994.??.??"]

1. d4 Nf6 2. c4 c5 3. d5 b5 4. cxb5 a6 5. f3 e6 6. e4 exd5 7. e5 Qe7 8. Qe2 Ng8
9. Nc3 Bb7 10. Nh3 c4 11. Be3 axb5 12. O-O-O Qb4 13. Nf4 Ne7 14. Qc2 Na6 15.
Bb6 Nc5 16. Be2 Ng6 17. Nfxd5 Bxd5 18. Nxd5 Nb3+ 19. Kb1 Rxa2 20. Qf5 Ra1+ 21.
Kc2 Rc1+ 22. Rxc1 Qd2+ 23. Kb1 Qxd5 24. Rcd1 Qe6 25. Qxe6+ fxe6 26. g3 Nxe5 27.
f4 Nc6 28. Bf3 Nb4 29. f5 Bc5 30. Bc7 Nd4 31. Bh5+ Ke7 32. fxe6 Nxe6 33. Rhf1
Nxc7 34. Rf7+ Ke6 35. Rdxd7 Ncd5 36. Bg4+ Ke5 37. Rxg7 Rf8 38. Rdf7 1/2-1/2

[Event "Open"]
[Site "Ischia ITA"]
[Date "1994.??.??"]
[Round "?"]
[White "Galdunts, Sergey"]
[Black "Meduna, Eduard"]
[Result "1-0"]
[WhiteElo "2420"]
[BlackElo "2450"]
[PlyCount "57"]
[EventDate "1994.??.??"]

1. e4 c6 2. d4 d5 3. e5 Bf5 4. Nc3 e6 5. g4 Bg6 6. Nge2 f6 7. h4 fxe5 8. dxe5
Nd7 9. f4 h5 10. Ng3 Nh6 11. Bd3 Bxd3 12. Qxd3 Qe7 13. gxh5 Qf7 14. Nce2 Be7
15. Nd4 O-O-O 16. Qg6 Nf8 17. Qxf7 Nxf7 18. Bd2 Nh6 19. Ke2 Bc5 20. Nf3 Nf5 21.
Nxf5 exf5 22. b4 Bb6 23. a4 a6 24. a5 Ba7 25. Be3 d4 26. Bd2 Rxh5 27. Ng5 Ng6
28. Ra3 Rdh8 29. Nf7 1-0

[Event "Open"]
[Site "Ischia ITA"]
[Date "1994.??.??"]
[Round "?"]
[White "Galdunts, Sergey"]
[Black "Ortega, Lexy"]
[Result "1-0"]
[WhiteElo "2420"]
[BlackElo "2440"]
[PlyCount "58"]
[EventDate "1994.??.??"]

1. e4 c5 2. Nc3 e6 3. Nf3 a6 4. g3 b5 5. Bg2 Bb7 6. d3 d6 7. O-O Nd7 8. Qe2
Ngf6 9. a4 b4 10. Nd1 Be7 11. b3 O-O 12. Bb2 Re8 13. Nd2 Ne5 14. f4 Nc6 15. e5
Nd5 16. Ne4 Nd4 17. Qf2 Rc8 18. Ra2 dxe5 19. fxe5 f5 20. exf6 gxf6 21. Nxc5
Bxc5 22. Bxd4 Nc3 23. Bxc5 Bxg2 24. Nxc3 Bxf1 25. Ne4 f5 26. Nd6 Bh3 27. Bxb4
Qg5 28. Ra1 Qg4 29. Nxc8 Rxc8 1-0

[Event "Open"]
[Site "Ischia ITA"]
[Date "1994.??.??"]
[Round "?"]
[White "Goh, Yoon-Wah"]
[Black "Bezold, Michael"]
[Result "0-1"]
[WhiteElo "2225"]
[BlackElo "2515"]
[PlyCount "72"]
[EventDate "1994.??.??"]

1. c4 Nf6 2. Nf3 e6 3. d4 Bb4+ 4. Bd2 a5 5. e3 b6 6. Be2 O-O 7. O-O Bb7 8. Nc3
d6 9. Qc2 Nbd7 10. Rad1 Qe7 11. Ng5 Bxc3 12. Bxc3 h6 13. Bf3 d5 14. Nh3 Ba6 15.
cxd5 Bxf1 16. d6 cxd6 17. Bxa8 Rxa8 18. Rxf1 Rc8 19. Nf4 e5 20. Ne2 b5 21. Qb3
b4 22. Bd2 Ne4 23. Qd3 Ndf6 24. f3 Nxd2 25. Qxd2 Qe6 26. Rc1 e4 27. fxe4 Nxe4
28. Rxc8+ Qxc8 29. Qd3 Qf5 30. h3 Qf2+ 31. Kh2 d5 32. Nf4 Nd2 33. Kh1 Qe1+ 34.
Kh2 Nf1+ 35. Kh1 Nxe3+ 36. Kh2 Qf2 0-1

[Event "Open"]
[Site "Ischia ITA"]
[Date "1994.??.??"]
[Round "?"]
[White "Goh, Yoon-Wah"]
[Black "La Gatta, Giovanni"]
[Result "1-0"]
[WhiteElo "2225"]
[BlackElo "2037"]
[PlyCount "98"]
[EventDate "1994.??.??"]

1. c4 Nf6 2. Nf3 g6 3. g3 c5 4. Bg2 Bg7 5. O-O O-O 6. Nc3 Nc6 7. Rb1 d5 8. cxd5
Nxd5 9. Nxd5 Qxd5 10. b3 b6 11. d4 Bb7 12. Ne5 Qd6 13. Nxc6 Bxc6 14. Bf4 e5 15.
dxe5 Qxd1 16. Rbxd1 Bxg2 17. Kxg2 Rfe8 18. Rd5 Re7 19. Rfd1 Rae8 20. e3 Bxe5
21. Bxe5 Rxe5 22. Rxe5 Rxe5 23. Rd7 c4 24. bxc4 Ra5 25. Rd2 Rc5 26. Rc2 b5 27.
Kf3 bxc4 28. Ke4 Ra5 29. Kd4 Ra4 30. Kd5 Kg7 31. e4 Kf6 32. f4 h5 33. Kd6 a5
34. e5+ Kg7 35. Ke7 Ra3 36. Rxc4 Rxa2 37. Rc7 Rb2 38. Ra7 a4 39. h3 Rb3 40. g4
hxg4 41. hxg4 Rb4 42. f5 gxf5 43. gxf5 Rf4 44. f6+ Kg6 45. Ra8 Re4 46. Rg8+ Kf5
47. Kxf7 Rxe5 48. Ra8 Ke4 49. Kg6 Rf5 1-0